000 00318nam a2200157Ia 4500
100 _aBaphana R.M.
490 _v2
942 _cBK
654 _amathematics II
245 _aApplied Mathematics-II
260 _bTechnova
_aMumbai
_c1995
082 _a519
_bBAP
300 _a377
546 _aENGLISH
999 _c32936
_d32936